Movie Title 🍿 by picture II - Statistics

General Stats
  • This quiz has been taken 43 times
  • The average score is 10 of 16
Answer Stats
Picture Answer % Correct
Lion king
95%
Toy Story
95%
Forrest Gump
90%
Moana
90%
The Gladiator
88%
Matrix
83%
Fight Club
80%
Interstellar
73%
The incredibles
73%
Mary Poppins
61%
Charlie‘s Angels
56%
Inglourious basterds
39%
Ocean‘s Eight
39%
Book Club
20%
Tar
20%
Intouchables
17%
No matching quizzes found
Score Distribution
Percent of People with Each Score
Percentile by Number Answered
Your Score History
You have not taken this quiz